載入...
Role of Limphocytes and macrophages in the Immunological Response
| 主要作者: | |
|---|---|
| 格式: | Printed Book |
| 語言: | Undetermined |
| 出版: |
Berlein
1971
Springer-verlag |
| 主題: |
| LEADER | 00683nam a2200241Ia 4500 | ||
|---|---|---|---|
| 008 | 141122s9999 xx 000 0 und d | ||
| 020 | |a 3540053050 | ||
| 040 | |c . | ||
| 041 | |a English | ||
| 082 | |a 616.079 5 | ||
| 082 | |b DUM/RO | ||
| 100 | |a D C Dumonde | ||
| 245 | |a Role of Limphocytes and macrophages in the Immunological Response | ||
| 245 | |c D C Dumonde | ||
| 260 | |b Berlein | ||
| 260 | |b Springer-verlag | ||
| 260 | |c 1971 | ||
| 300 | |a 100 Pages | ||
| 500 | |a Closed | ||
| 650 | |a Microbiology | ||
| 942 | |c BK | ||
| 999 | |c 13608 |d 13608 | ||
| 952 | |0 0 |1 0 |4 0 |6 616_079000000000000_5_DUMRO |7 0 |9 13418 |a COVAS |b COVAS |d 0000-00-00 |o 616.079 5 DUM/RO |p 5077 |r 2014-11-26 |w 2014-11-26 |y BK | ||